000 00620nam a22001817a 4500
999 _c186252
_d186252
005 20220218155209.0
010 _aENG-131674
020 _a978-81-952678-4-2
_c799.00
035 _aEN-115206
037 _bDBAD
082 _a428
245 _aFluid Mehanic/
_cJnana Ranjan Khuntia, J.K. Sandhya Kiran
260 _aHyderabad
_bSunraise International Publishers
_c2020
270 _a# 326/C, Level-2, Surneni Nilayam Near B K Guda Park, S R Nagar
_bHyderabad
_e500038
_k4023710657, 238000657
300 _aviii, 392p.
_c24cm(pbk)
700 _aKhuntia, Ranjan Jnana
942 _2ddc
_cEN
_h620.106
_mKHU